I dipinti di Modigliani

Bibliographic Details
Main Authors: Piccioni, Leone, Ceroni, Ambrogio
Format: Section = Libro
Language:Undetermined
Spanish
Published: Milano Rizzoli 1970
Subjects:
LEADER 00450nam a2200181Ia 4500
008 240829s9999 xx 000 0 und d
040 |a BIBLIOTECA-RUSB/ Ref 750 P589 
041 |a spa 
082 |a Ref 750 P589 
100 1 |a Piccioni, Leone  
100 1 |b  Ceroni, Ambrogio 
245 1 0 |a I dipinti di Modigliani 
260 |a Milano  |b Rizzoli  |c 1970 
300 |a 111 p. :il. 
650 7 |a PINTURAS MODIGLIANI 
942 |c BK  |2 ddc 
991 |a TEXTO 
999 |c 6652